<?xml version="1.0" encoding="UTF-8"?>
<record
    xmlns:xsi="http://www.w3.org/2001/XMLSchema-instance"
    xsi:schemaLocation="http://www.loc.gov/MARC21/slim http://www.loc.gov/standards/marcxml/schema/MARC21slim.xsd"
    xmlns="http://www.loc.gov/MARC21/slim">

  <leader>00624nam a2200205 a 4500</leader>
  <datafield tag="999" ind1=" " ind2=" ">
    <subfield code="c">23295</subfield>
    <subfield code="d">23295</subfield>
  </datafield>
  <controlfield tag="001">vtls000144022</controlfield>
  <controlfield tag="005">20220823091713.0</controlfield>
  <controlfield tag="008">000816s1986    xo a   f      000 0 slo d</controlfield>
  <datafield tag="035" ind1=" " ind2=" ">
    <subfield code="a">UKB000153278</subfield>
  </datafield>
  <datafield tag="040" ind1=" " ind2=" ">
    <subfield code="a">BAA001</subfield>
    <subfield code="b">slo</subfield>
    <subfield code="c">BAA001</subfield>
    <subfield code="e">AACR2</subfield>
  </datafield>
  <datafield tag="041" ind1="0" ind2=" ">
    <subfield code="a">slo</subfield>
  </datafield>
  <datafield tag="044" ind1=" " ind2=" ">
    <subfield code="a">xo</subfield>
    <subfield code="c">SK</subfield>
  </datafield>
  <datafield tag="100" ind1="1" ind2=" ">
    <subfield code="a">Frick&#xFD;, Alexander</subfield>
    <subfield code="9">3283</subfield>
  </datafield>
  <datafield tag="245" ind1="1" ind2="0">
    <subfield code="a">Mestsk&#xE9; pamiatkov&#xE9; rezerv&#xE1;cie na Slovensku</subfield>
  </datafield>
  <datafield tag="260" ind1=" " ind2=" ">
    <subfield code="a">Martin</subfield>
    <subfield code="b">Osveta</subfield>
    <subfield code="c">1986</subfield>
  </datafield>
  <datafield tag="300" ind1=" " ind2=" ">
    <subfield code="a">230 s.</subfield>
    <subfield code="b">fotogr.</subfield>
  </datafield>
  <datafield tag="500" ind1=" " ind2=" ">
    <subfield code="a">Res.Rus.,nem.,angl.,mad.-Frontsp.*kd 1578-81/86</subfield>
  </datafield>
  <datafield tag="650" ind1="0" ind2="7">
    <subfield code="a">rezerv&#xE1;cie pamiatkov&#xE9; mestsk&#xE9;</subfield>
    <subfield code="z">Slovensko</subfield>
    <subfield code="9">3284</subfield>
  </datafield>
  <datafield tag="700" ind1="1" ind2=" ">
    <subfield code="a">Dene&#x161;, Ladislav</subfield>
    <subfield code="4">pht</subfield>
    <subfield code="9">3285</subfield>
  </datafield>
  <datafield tag="952" ind1=" " ind2=" ">
    <subfield code="0">0</subfield>
    <subfield code="1">0</subfield>
    <subfield code="2">udc</subfield>
    <subfield code="4">0</subfield>
    <subfield code="7">0</subfield>
    <subfield code="8">D</subfield>
    <subfield code="a">10000</subfield>
    <subfield code="b">10000</subfield>
    <subfield code="d">2022-08-23</subfield>
    <subfield code="i">21628</subfield>
    <subfield code="o">S1532</subfield>
    <subfield code="p">S1532</subfield>
    <subfield code="r">2022-08-23</subfield>
    <subfield code="w">2022-08-23</subfield>
    <subfield code="y">OLDO</subfield>
  </datafield>
</record>
